En torno al concepto del Derecho Civil / (Record no. 116895)

MARC details
000 -LEADER
campo de control de longitud fija 00714nam a2200205 4500
001 - NÚMERO DE CONTROL
campo de control 116895
003 - IDENTIFICADOR DE NÚMERO DE CONTROL
campo de control ES-MaACL
005 - FECHA Y HORA DE LA ÚLTIMA TRANSACCIÓN
campo de control 20231227193322.0
007 - CAMPO FIJO DE DESCRIPCIÓN FÍSICA--INFORMACIÓN GENERAL
campo de control de longitud fija t|
008 - DATOS DE LONGITUD FIJA--INFORMACIÓN GENERAL
campo de control de longitud fija 070228s1959 sp r ||||1| spa d
100 1# - ENTRADA PRINCIPAL--NOMBRE DE PERSONA
Nombre de persona Pascual Quintana, Juan Manuel.
9 (RLIN) 89394
245 10 - MENCIÓN DEL TÍTULO
Título En torno al concepto del Derecho Civil /
Mención de responsabilidad, etc. Juan Manuel Pascual Quintana ; prólogo del Excmo. Sr. Don Antonio Hernández Gil.
260 ## - PUBLICACIÓN, DISTRIBUCIÓN, ETC.
Lugar de publicación, distribución, etc. Salamanca :
Nombre del editor, distribuidor, etc. Universidad,
Fecha de publicación, distribución, etc. 1959.
300 ## - DESCRIPCIÓN FÍSICA
Extensión 119 p. ;
Dimensiones 26 cm.
500 ## - NOTA GENERAL
Nota general De Actas Salmanticensia, tomo IV. nº 1.
700 1# - ENTRADA AGREGADA--NOMBRE PERSONAL
Nombre de persona Hernández Gil, Antonio,
Fechas asociadas al nombre 1915-1994
9 (RLIN) 62943
710 2# - ENTRADA AGREGADA--NOMBRE DE ENTIDAD CORPORATIVA
Nombre de entidad corporativa o nombre de jurisdicción como elemento de entrada Universidad de Salamanca.
9 (RLIN) 7275
852 ## - LOCALIZACIÓN
Ubicación ES-MaACL
Número de control de estantería C-18443
Holdings
Estatus retirado Estado de pérdida Estado de daño No para préstamo Biblioteca de origen Biblioteca actual Ubicación en estantería Fecha de adquisición Fuente de adquisición Total de préstamos Signatura topográfica completa Código de barras Visto por última vez Precio de reemplazo Tipo de ítem Koha
        Biblioteca del Ateneo de Madrid Biblioteca del Ateneo de Madrid Galería 17/01/2008     C-18443 1121882 23/02/2023 23/02/2023 Libro impreso